Qualitative research from start to finish
Gespeichert in:
| 1. Verfasser: | |
|---|---|
| Format: | Buch |
| Sprache: | Englisch |
| Veröffentlicht: |
Nueva York
The Guilford Press
2016
|
| Ausgabe: | 2a. ed |
| Schlagworte: | |
| Tags: |
Tag hinzufügen
Keine Tags, Fügen Sie den ersten Tag hinzu!
|
MARC
| LEADER | 00000cam a2200000 a 4500 | ||
|---|---|---|---|
| 001 | UCC0319 | ||
| 003 | CL-VaPUC | ||
| 008 | 170804e20160000us |||||||||||||||||eng|d | ||
| 020 | |a 9781462517978 | ||
| 082 | 0 | 4 | |a 001.42 |b YIN |2 21 |
| 100 | 0 | |a Yin, Robert K |e author |9 594228 | |
| 245 | 1 | 0 | |a Qualitative research from start to finish |
| 250 | |a 2a. ed | ||
| 300 | |a 386 p | ||
| 942 | |c BK | ||
| 945 | |d 20170804 10:38:00 |a dcastane | ||
| 260 | |a Nueva York |b The Guilford Press |c 2016 | ||
| 650 | 0 | |a Métodos de investigación |9 262618 | |
| 650 | 0 | |a Investigación cualitativa |9 389535 | |
| 583 | |a last modification |c 20170804 10:38:00 |k Rodrigo Vera | ||
| 999 | |c 369180 |d 369178 | ||
| 952 | |0 0 |1 0 |3 erb |4 0 |6 001_420000000000000_YIN_2016 |7 0 |8 A |9 484771 |a FDOPOS |b FDOPOS |i 5412811 |o 001.42 YIN 2016 |p 5412811 |r 2025-01-22 |w 2019-11-24 |y BK |z Catalogado en:20170804 |k DLA | ||